| 000 | 00517cam a22002171 4500 | ||
|---|---|---|---|
| 001 | sa 63002960 | ||
| 003 | DLC | ||
| 005 | 20260227111938.0 | ||
| 008 | 890714s1962 ii 000 1 beno | ||
| 010 | _asa 63002960 | ||
| 035 | _a(OCoLC)20011706 | ||
| 040 |
_aDLC _cWaU _dDLC |
||
| 042 | _apremarc | ||
| 050 | 0 | 0 |
_aPK1718.M7918 _bT3 |
| 100 | 1 |
_aMukherji, Saurindramohan, _d1884- |
|
| 245 | 1 | 0 | _aTaraṅga raṅga. |
| 260 | _c[1962] | ||
| 300 |
_a103 p. _c22 cm. |
||
| 500 | _aIn Bengali. | ||
| 500 | _aA novel. | ||
| 999 |
_c54809 _d54809 |
||